书目信息 |
| 题名: |
谁丢了美国
|
|
| 作者: | 奥肖内西 著 ;林达丰 译 | |
| 分册: | ||
| 出版信息: | 北京 北京大学出版社 2016 |
|
| 页数: | 26,406页 | |
| 开本: | 23cm | |
| 丛书名: | ||
| 单 册: | ||
| 中图分类: | K712.41 | |
| 科图分类: | ||
| 主题词: | 美国独立战争--mei guo du li zhan zheng--研究 | |
| 电子资源: | ||
| ISBN: | 978-7-301-27385-2 | |
| 000 | 01519nam0 22002771 450 | |
| 001 | 1738594041 | |
| 005 | 20170627164612.0 | |
| 010 | @a978-7-301-27385-2@b精装@dCNY72.00 | |
| 100 | @a20161031d2016 em y0chiy50 ea | |
| 101 | 1 | @achi@ceng |
| 102 | @aCN@b110000 | |
| 105 | @aa z 001yy | |
| 106 | @ar | |
| 200 | 1 | @a谁丢了美国@9shui diu le mei guo@e英国统治者、美国革命与帝国的命运@dThe men who lost America@eBritish leadership, the American revolution and the fate of the empire@f(美)安德鲁·杰克逊·奥肖内西(Andrew Jackson O'shaughnessy)著@g林达丰译@zeng |
| 210 | @a北京@c北京大学出版社@d2016 | |
| 215 | @a26,406页@c图@d23cm | |
| 300 | @a中国-东盟思想库网络专项研究“东亚安全合作体系与美国的影响”项目支持 | |
| 330 | @a本书深入挖掘了英国在国际战略上的失误,从全新的视角审视美国革命的胜利,高度还原了历史的复杂样貌。本书作者从英国方面的十位关键人物入手,揭示了这不仅仅是一场战争的失败,而是英国作为全球霸主,其传统的霸权统治方式不再行之有效。尽管拥有这些出色的精英,“日不落帝国”走向衰落是不可避免的。 | |
| 510 | 1 | @aMen who lost America@eBritish leadership, the American revolution and the fate of the empire@zeng |
| 517 | 1 | @a英国统治者、美国革命与帝国的命运@9ying guo tong zhi zhe mei guo ge ming yu di guo de ming yun |
| 606 | 0 | @a美国独立战争@9mei guo du li zhan zheng@x研究 |
| 690 | @aK712.41@v5 | |
| 701 | 0 | @c(美)@a奥肖内西@9ao xiao nei xi@c(O'shaughnessy, Andrew Jackson)@4著 |
| 702 | 0 | @a林达丰@9lin da feng@4译 |
| 801 | 0 | @aCN@bTANGWEI@c20170621 |
| 905 | @b1015555-60@dK712.41@e41@f6 | |
| 谁丢了美国:英国统治者、美国革命与帝国的命运=The men who lost America:British leadership, the American revolution and the fate of the empire/(美)安德鲁·杰克逊·奥肖内西(Andrew Jackson O'shaughnessy)著/林达丰译.-北京:北京大学出版社,2016 |
| 26,406页:图;23cm |
| 中国-东盟思想库网络专项研究“东亚安全合作体系与美国的影响”项目支持 |
| ISBN 978-7-301-27385-2(精装):CNY72.00 |
| 本书深入挖掘了英国在国际战略上的失误,从全新的视角审视美国革命的胜利,高度还原了历史的复杂样貌。本书作者从英国方面的十位关键人物入手,揭示了这不仅仅是一场战争的失败,而是英国作为全球霸主,其传统的霸权统治方式不再行之有效。尽管拥有这些出色的精英,“日不落帝国”走向衰落是不可避免的。 |
| ● |
| 相关链接 |
|
|
|
|
正题名:谁丢了美国
索取号:K712.41/41
 
预约/预借
| 序号 | 登录号 | 条形码 | 馆藏地/架位号 | 状态 | 备注 |
| 1 | 1015555 | 210155552 | 第二样本阅览室/ [索取号:K712.41/41] | 在馆 | |
| 2 | 1015556 | 210155561 | 教育系资料室/ [索取号:K712.41/41] | 在馆 | |
| 3 | 1015557 | 210155570 | 教育系资料室/ [索取号:K712.41/41] | 在馆 | |
| 4 | 1015558 | 210155589 | 教育系资料室/ [索取号:K712.41/41] | 在馆 | |
| 5 | 1015559 | 210155598 | 第二借阅区/ [索取号:K712.41/41] | 在馆 | |
| 6 | 1015560 | 210155605 | 第二借阅区/ [索取号:K712.41/41] | 在馆 |